|
|
|
|
| LEADER |
00000nbm0a2200000 4500 |
| 001 |
46994 |
| 005 |
20240118111554.0 |
| 035 |
|
|
|a (RuTPU)RU\TPU\book\49085
|
| 090 |
|
|
|a 46994
|
| 100 |
|
|
|a 20030130d1986 k y0rusy50 ca
|
| 101 |
0 |
|
|a rus
|
| 102 |
|
|
|a RU
|
| 105 |
|
|
|a a m 001zy
|
| 200 |
1 |
|
|a Моделирование процесса гидрирования оксида углерода на железных катализаторах
|e диссертация на соискание ученой степени кандидата технических наук
|e спец. 05.17.08.
|f О. Е. Мойзес
|g Томский политехнический институт ; науч. рук. А. В. Кравцов
|
| 210 |
|
|
|a Томск
|d 1986
|
| 215 |
|
|
|a 143 л.
|c ил.
|
| 320 |
|
|
|a Библиогр.: с. 116-131 (174 назв.).
|
| 610 |
1 |
|
|a процессы
|
| 610 |
1 |
|
|a аппараты
|
| 610 |
1 |
|
|a химическая технология
|
| 610 |
1 |
|
|a моделирование процесса
|
| 610 |
1 |
|
|a гидрирование
|
| 610 |
1 |
|
|a оксид углерода
|
| 610 |
1 |
|
|a железные
|
| 610 |
1 |
|
|a катализаторы
|
| 610 |
1 |
|
|a синтез
|
| 610 |
1 |
|
|a синтез
|
| 610 |
1 |
|
|a термодинамическая
|
| 610 |
1 |
|
|a скорость
|
| 610 |
1 |
|
|a диссертации
|
| 675 |
|
|
|a 66.097(048)
|v 3
|
| 686 |
|
|
|a 05.17.08.
|2 oksvnk
|
| 700 |
|
1 |
|a Мойзес
|b О. Е.
|c химик-технолог, специалист в области информатики и вычислительной техники
|c доцент Томского политехнического университета, кандидат технических наук
|f 1950-
|g Ольга Ефимовна
|3 (RuTPU)RU\TPU\pers\25862
|9 11730
|
| 702 |
|
1 |
|a Кравцов
|b А. В.
|c химик-технолог
|c профессор-консультант Томского политехнического университета, доктор технических наук
|f 1938-
|g Анатолий Васильевич
|3 (RuTPU)RU\TPU\pers\19827
|4 727
|
| 712 |
0 |
2 |
|a Томский политехнический институт
|3 (RuTPU)RU\TPU\col\1123
|
| 801 |
|
1 |
|a RU
|b 63413507
|c 20030130
|g PSBO
|
| 801 |
|
2 |
|a RU
|b 63413507
|c 20120221
|g PSBO
|
| 942 |
|
|
|c BK
|